Statistics for Top Ten Most Listened Metallica Songs

Click here to take the quiz!

General Stats

  • This quiz has been taken 54 times
  • The average score is 7 of 10

Answer Stats

Total streamsSong% Correct
1,294,848,874Enter Sandman
98%
798,112,222Master of Puppets
96%
536,190,386One
90%
1,090,545,332Nothing Else Matters
85%
445,648,665For Whom the Bell Tolls
81%
225,267,492Fuel
60%
497,759,642The Unforgiven
58%
297,255,143Fade To Black
50%
326,522,144Sad But True
42%
414,154,708Whiskey In The Jar
21%

Score Distribution

Percentile by Number Answered

Percent of People with Each Score

Your Score History

You have not taken this quiz